00438nam a22001577a 450000500170000000800410001704100080005808200190006610000340008524500390011926000260015830000180018465000250020265000290022765000240025620220118160540.0160520b xxu||||| |||| 00| 0 spa d aspa a371.337 G192a9 aGamboa de Vitelleschi, Susana aAprender jugando con la naturaleza aArgentinabBoumc2012 a192 páginas aJUEGOS EDUCACIONALES aESTUDIANDO LA NATURALEZA aLIBROS PARA NIÑOS